[Event "Windsor NAYCC U08 Girls"]
[Site "Windsor"]
[Date "2016.08.11"]
[Round "8.178"]
[White "Yu, Sophia"]
[Black "Rajaram, Anika"]
[Result "1/2-1/2"]
[WhiteElo "723"]
[BlackElo "1420"]
[PlyCount "48"]
[EventDate "2016.08.07"]
[EventType "swiss"]
[EventRounds "9"]
[EventCountry "CAN"]
[SourceTitle "EXT 2022"]
[Source "ChessBase"]
[SourceDate "2021.10.06"]
[SourceVersion "1"]
[SourceVersionDate "2021.10.06"]
[SourceQuality "1"]

1. d4 d5 2. c4 e6 3. Nc3 Nf6 4. Nf3 Be7 5. Bf4 0-0 6. e3 Bb4 7. a3 Bxc3+ 8. bxc3 b6 9. cxd5 exd5 10. Bd3 Bb7 11. 0-0 Nbd7 12. Qc2 h6 13. Rab1 c5 14. Bd6 Re8 15. dxc5 Bc6 16. Nd4 Rc8 17. cxb6 Nxb6 18. Nxc6 Rxc6 19. Bb5 Qxd6 20. Bxc6 Qxc6 21. Rb4 a5 22. Rf4 Rc8 23. Qb3 Ne4 24. Re1 Nxc3 1/2-1/2

[Event "Windsor NAYCC U08 Girls"]
[Site "Windsor"]
[Date "2016.08.07"]
[Round "1.178"]
[White "Yu, Sophia"]
[Black "Wen, Kally"]
[Result "1/2-1/2"]
[WhiteElo "723"]
[BlackElo "1090"]
[PlyCount "172"]
[EventDate "2016.08.07"]
[EventType "swiss"]
[EventRounds "9"]
[EventCountry "CAN"]
[SourceTitle "EXT 2022"]
[Source "ChessBase"]
[SourceDate "2021.10.06"]
[SourceVersion "1"]
[SourceVersionDate "2021.10.06"]
[SourceQuality "1"]

1. d4 Nf6 2. Nf3 g6 3. e3 Bg7 4. Be2 0-0 5. 0-0 d5 6. Nc3 Nc6 7. b3 Bf5 8. a3 Ne4 9. Bb2 e5 10. dxe5 Nxe5 11. Nxe5 Bxe5 12. Na4 Bxb2 13. Nxb2 Qf6 14. Qd4 Qxd4 15. exd4 Rfe8 16. Bd3 Nd6 17. Bxf5 Nxf5 18. c3 Re2 19. Na4 Rae8 20. h3 Rc2 21. Rfd1 Ree2 22. Rf1 b5 23. Nc5 Rxc3 24. Rfd1 Rcc2 25. Nd3 Red2 26. Nb4 Rb2 27. Rxd2 Rxd2 28. Nxd5 c6 29. Nf6+ Kg7 30. Ne8+ Kf8 31. Nf6 h5 32. Rc1 Nxd4 33. Rb1 Rd3 34. Nd7+ Kg7 35. Ne5 Rxb3 36. Rxb3 Nxb3 37. Nxc6 a6 38. Nb4 Nc5 39. Kf1 Kf6 40. Ke2 a5 41. Nc2 Ke5 42. Kd2 Ke4 43. Kc3 f5 44. Kd2 Kd5 45. Kc3 Ke4 46. Kd2 f4 47. Kc3 Ne6 48. Kd2 f3 49. g3 Ng5 50. h4 Nh3 51. Ke1 Kd3 52. Ne3 Kc3 53. Nd5+ Kb3 54. Nc7 b4 55. axb4 axb4 56. Nd5 Ka3 57. Nxb4 Kxb4 58. Kf1 Kc4 59. Ke1 Kd4 60. Kf1 Ke4 61. Ke1 g5 62. hxg5 Nxg5 63. Kf1 Kf5 64. Kg1 Kg4 65. Kf1 h4 66. gxh4 Kxh4 67. Kg1 Kh3 68. Kh1 Ne4 69. Kg1 Nxf2 70. Kxf2 Kg4 71. Kf1 Kg3 72. Kg1 Kf4 73. Kf2 Ke4 74. Kf1 Ke3 75. Ke1 Kd3 76. Kf2 Ke4 77. Kf1 Kf4 78. Kf2 Kg4 79. Kf1 Kg3 80. Kg1 Kg4 81. Kf2 Kf4 82. Kf1 Ke3 83. Ke1 Ke4 84. Kf2 Kf4 85. Kf1 Ke3 86. Ke1 Kf4 1/2-1/2